| 000 | 00445nam a2200193Ia 4500 | ||
|---|---|---|---|
| 005 | 20240823062319.0 | ||
| 008 | 240823s9999||||xx |||||||||||||| ||und|| | ||
| 020 | _a978-81-960260-1-1 | ||
| 041 | _aHINDI | ||
| 082 | _A128.2 R3 | ||
| 100 | _aTony Nadar | ||
| 245 | 0 | _aChethra Kha Aek Anthkin Maha Saagar | |
| 250 | _a1st | ||
| 260 |
_c2023 _bK B T Publica |
||
| 500 | _aYES | ||
| 650 |
_aHindi _bGeneral |
||
| 942 | _cBK | ||
| 999 |
_c235585 _d235585 |
||